000 00584nai a2200181Ia 4500
003 IN-BaIIA
008 211028c9999 xx s 000 0 eng d
022 _a1462-2912 (Print)
022 _a1462-2920 (Online)
040 _cIIA Library
245 0 _aEnvironmental Microbiology
_h[eJournal]
260 _aNew Jersey
_bJohn Wiley & Sons
310 _aMonthly
362 _a1(1); 1999 - Present
521 _bSubscribed through National Knowledge Resource Consortium (NKRC)
856 _uhttps://onlinelibrary.wiley.com/journal/14622920
_yClick Here to Access eJournal
942 _cEJ
999 _c34325
_d34325